000 02277nam a22003377i 4500
999 _c174938
_d174938
003 PPAK
005 20191113123016.0
008 191113t20182018nyu g 000 1bengod
020 _a9780062844361
_cRM89.90
_qpaperback
020 _a9780008150839
_cRM69.90
_qpaperback
040 _aPPAK
_beng
_cPPAK
_erda
082 0 4 _223
_a813.6
090 0 0 _a813.6
_bSLA
_dG
100 1 _aSlaughter, Karin,
_d1971-
_eauthor.
245 1 0 _aPIECES OF HER :
_bA Novel /
_cKarin Slaughter
250 _aFIRST EDITION
264 1 _aNew York :
_bWilliam Morrow, an imprint of HarperCollinsPublishers,
_c[2018]
264 1 _aLondon :
_bHarperCollins Publishers,
_c[2018]
264 4 _c©2018
300 _a2 volumes (470 pages) :
_c23 cm
336 _2rdacontent
_atext
337 _2rdamedia
_aunmediated
338 _2rdacarrier
_avolume
520 _a"What if the person you thought you knew best turns out to be someone you never knew at all? Andrea Cooper knows everything about her mother, Laura. She knows she's spent her whole life in the small beachside town of Gullaway Island; she knows she's never wanted anything more than to live a quiet life as a pillar of the community; she knows she's never kept a secret in her life. Because we all know our mothers, don't we? But all that changes when a Saturday afternoon trip to the mall explodes into violence and Andrea suddenly sees a completely different side to Laura. Because it turns out that before Laura was Laura, she was someone completely different. For nearly thirty years she's been hiding from her previous identity, lying low in the hope that no one will ever find her. But now she's been exposed, and nothing will ever be the same again. Twenty-four hours later Laura is in the hospital, shot by an intruder who's spent thirty years trying to track her down and discover what she knows. Andrea is on a desperate journey following the breadcrumbs of her mother's past. And if she can't uncover the secrets hidden there, there may be no future for either one of them."--Publisher's description
650 1 0 _aMothers and daughters
_vFiction
650 2 0 _aViolence
_vFiction
650 2 0 _aIdentity (Psychology)
_vFiction
655 7 _aDetective and mystery fiction
655 7 _aMystery fiction
942 _2ddc
_cB